| 000 | 00642cab a2200229 4500 | ||
|---|---|---|---|
| 001 | ABS44910 | ||
| 008 | 090401t1991 xxu||||| |||| 00| 0 eng d | ||
| 035 | _a(Sirsi) u49845 | ||
| 041 | _aeng | ||
| 100 | _aPerry, J. | ||
| 245 | 4 | _aThe case for clearance | |
| 260 | _c1991 | ||
| 350 | _a0 | ||
| 490 |
_aHousing _v27(5) July 1991, 28-29(2) |
||
| 520 | _aDiscusses how a number of local authorities are trying to tackle the growing problem of dilapidated and unfit owner occupied homes. | ||
| 650 | _aHOUSING | ||
| 650 | _aSLUM CLEARANCE | ||
| 650 | _aUNFIT HOUSES | ||
| 690 | _aURBAN RENEWAL | ||
| 942 | _n0 | ||
| 948 | _c04/03/1997 | ||
| 999 |
_c31212 _d31212 |
||